| 000 | 01248cam a22003018a 4500 | ||
|---|---|---|---|
| 001 | 14682157 | ||
| 005 | 20100212141734.0 | ||
| 008 | 061228s2007 enk |rb 001 0 eng | ||
| 010 | _a 2006101510 | ||
| 020 | _a9780415401012 (alk. paper) | ||
| 020 | _a0415401011 (alk. paper) | ||
| 040 |
_aDLC _cDLC _dDLC |
||
| 050 | 0 | 0 |
_aP96.W35 _bM53 2007 |
| 082 | 0 | 0 |
_a355.2 _222 _bMIC |
| 100 | 1 |
_aMichalski, Milena. _912516 |
|
| 245 | 1 | 0 |
_aWar, Image and Legitmacy : _bViewing Contemporary Conflict / _cby Milena Michalski and James Gow. |
| 260 |
_aAbingdon, Oxon ; _aN.Y. : _bRoutledge, 2007 _c2007. |
||
| 263 | _a0705 | ||
| 300 |
_a268 p.; _c23 cm. |
||
| 504 | _aIncludes bibliographical references(p.250-258) and index. | ||
| 650 | 0 |
_aMass media and war. _912517 |
|
| 700 | 1 |
_aGow, James. _912518 |
|
| 856 | 4 | 1 |
_3Table of contents only _uhttp://www.loc.gov/catdir/toc/ecip077/2006101510.html |
| 856 | 4 | 2 |
_3Publisher description _uhttp://www.loc.gov/catdir/enhancements/fy0731/2006101510-d.html |
| 942 |
_2ddc _cBB |
||
| 999 |
_c13642 _d13642 |
||